| 000 | 01005cam a22002891 4500 | ||
|---|---|---|---|
| 001 | 8348354 | ||
| 003 | OSt | ||
| 005 | 20180116183026.0 | ||
| 008 | 750324s1947 xx 000 0 eng | ||
| 010 | _a 47017967 | ||
| 020 | _a0 | ||
| 035 | _a(OCoLC)1234601 | ||
| 040 |
_aDLC _cNAlU _dDLC |
||
| 050 | 0 | 0 |
_aPZ3.S64558 _bSp _aPS3537.M349 |
| 082 | _a813.54 SMI 1931 | ||
| 100 | 1 |
_aSmith, E. E. _q(Edward Elmer), _d1890-1965. |
|
| 245 | 1 | 0 |
_aSpacehounds of IPC, _ba tale of the Inter-planetary corporation, _cby Edward E. Smith, PH.D., illustrated by A.J. Donnell. |
| 260 |
_aReading, Pa., _bFantasy press, _c1947. |
||
| 300 |
_a223 p. _bfront., illus., plates. _c20 cm. |
||
| 440 | _aSpacehounds of IPC, | ||
| 500 | _a"First edition." | ||
| 500 | _aA revision and enlargement of a work originally published as a serial in Amazing stories. | ||
| 655 | 7 |
_aScience fiction. _2gsafd |
|
| 740 | 0 | _aInter-planetary corporation. | |
| 906 |
_a7 _bcbc _coclcrpl _du _encip _f19 _gy-gencatlg |
||
| 942 |
_2ddc _cBK |
||
| 999 |
_c350815 _d350815 |
||